| 000 | 01428cam a22003138i 4500 | ||
|---|---|---|---|
| 001 | 18649476 | ||
| 003 | SISC | ||
| 005 | 20160602144700.0 | ||
| 008 | 150605s2016 enk b 001 0 eng c | ||
| 010 | _a 2015021084 | ||
| 020 | _a9781118509920 (cloth) | ||
| 040 |
_aWaSeSS/DLC _beng _cWaSeSS _erda _dDLC |
||
| 042 | _apcc | ||
| 050 | 0 | 0 |
_aRC 531 _b.Al43 2016 |
| 082 | 0 | 0 | _a616.85/2206 |
| 100 | 1 |
_aAlladin, Assen, _eauthor. |
|
| 245 | 1 | 0 |
_aIntegrative CBT for anxiety disorders : _ban evidence-based approach to enhancing cognitive behavioral therapy with mindfulness and hypnotherapy / _cAssen Alladin. |
| 260 |
_aUK : _bJohn Wiley & Sons, _c2016. |
||
| 263 | _a1601 | ||
| 300 |
_axv, 324 pages ; _ccm |
||
| 500 | _aIncludes bibliographical references and index. | ||
| 505 | 0 | _aAn integrative approach for understanding and treating anxiety disorders -- Integrated therapy for anxiety disorders -- Social anxiety disorder (social phobia) -- Specific phobia -- Panic disorder -- General anxiety disorder -- Agoraphobia -- Separation anxiety disorder -- Selective mutism. | |
| 650 | 0 |
_aAnxiety disorders _xTreatment. |
|
| 650 | 0 | _aCognitive therapy. | |
| 776 | 0 | 8 |
_iOnline version: _aAlladin, Assen, author. _tIntegrative CBT for anxiety disorders _dChichester, UK : John Wiley & Sons, 2016 _z9781118509883 _w(DLC) 2015023162 |
| 906 |
_a7 _brix _corignew _d1 _eecip _f20 _gy-gencatlg |
||
| 942 |
_2lcc _cBK |
||
| 999 |
_c295578 _d295578 |
||